| 000 | 00520nam a2200217Ia 4500 | ||
|---|---|---|---|
| 003 | OSt | ||
| 005 | 20230411160744.0 | ||
| 008 | 210423s2018 xx 000 0 und d | ||
| 020 | _a978-93-87153-52-3 | ||
| 040 | _cAL | ||
| 041 | _aeng | ||
| 082 |
_a574.192 _223 _bBROB |
||
| 100 |
_aBROWN (T A) _986455 |
||
| 245 | _aBiochemistry | ||
| 260 |
_aNew Delhi _bViva Books Pvt Ltd _c2018 |
||
| 300 |
_axv,538 _bPB |
||
| 365 |
_b995 _cINR |
||
| 650 |
_aBiochemistry _986456 |
||
| 906 | _aBiochemistry | ||
| 942 |
_2ddc _cBK |
||
| 999 |
_c169711 _d169711 |
||